Downscoping (Record no. 29214)

MARC details
000 -LEADER
fixed length control field 00429nam a2200181Ia 4500
020 ## - INTERNATIONAL STANDARD BOOK NUMBER
ISBN 0-19-507843-8
050 ## - CALL MARK
Classification number HD2756.H67
100 ## - STATEMENT OF RESPONSIBILITY--MAIN AUTHOR NAME
Personal name Robert E. Hoskisson
245 #0 - TITLE STATEMENT
Title Downscoping
260 ## - PUBLICATION, DISTRIBUTION, ETC. (IMPRINT)
Place of publication New York
260 ## - PUBLICATION, DISTRIBUTION, ETC. (IMPRINT)
Name of publisher Oxford University Press
260 ## - PUBLICATION, DISTRIBUTION, ETC. (IMPRINT)
Year of publication 1994
300 ## - PHYSICAL DESCRIPTION
Number of Pages 212 p
650 ## - SUBJECT ADDED ENTRY--TOPICAL TERM
Topical Term Diversification in Industry
942 ## - ADDED ENTRY ELEMENTS (KOHA)
Koha item type Books
Holdings
Withdrawn status Lost status Source of classification or shelving scheme Damaged status Not for loan Permanent Location Current Location Date acquired Accession Number Price effective from Koha item type
    Library of Congress Classification     NILE UNIVERSITY OF NIGERIA - MAIN LIBRARY NILE UNIVERSITY OF NIGERIA - MAIN LIBRARY 04/23/2025 0003286 04/23/2025 Books